Normal view
MARC view
- Atlas of the Qurʼân Places, Nations, Landmarks An Authentic Collection of the Qurʼânic Information with Maps, Tables and Pictures
Entry Topical Term
001 - CONTROL NUMBER
- control field: 113223
003 - CONTROL NUMBER IDENTIFIER
- control field: NUST
005 - DATE AND TIME OF LATEST TRANSACTION
- control field: 20230622105726.0
008 - FIXED-LENGTH DATA ELEMENTS
- fixed length control field: 230622|| aca||aabn | a|a d
040 ## - CATALOGING SOURCE
- Original cataloging agency: NUST
- Transcribing agency: NUST
150 ## - HEADING--TOPICAL TERM
- Topical term or geographic name entry element: Atlas of the Qurʼân Places, Nations, Landmarks An Authentic Collection of the Qurʼânic Information with Maps, Tables and Pictures
670 ## - SOURCE DATA FOUND
- Source citation: Work cat.: (NUST): Abu Khalil, Shawqi 113222, Atlas of the Qurʼân: Places, Nations, Landmarks: , 2003.
